| 000 | 00626nam a22001817a 4500 | ||
|---|---|---|---|
| 003 | BD-DhUL | ||
| 005 | 20160818161452.0 | ||
| 008 | 160818s1984 bg a|||| |||| 001 0 ben d | ||
| 040 |
_aBD-DhUL _cBD-DhUL |
||
| 082 |
_a320 _bNUD |
||
| 100 | 1 | _a কিরণ,নূর আলম চৌধুরী | |
| 245 | 1 | 0 |
_aদফার রাজনীতি আর নয় / _cনূর আলম চৌধুরী কিরণ |
| 260 |
_aঢাকা : _bকালান্তর প্রকাশনী, _c১৯৮৪. |
||
| 300 | _a ৫৭ পৃ. ; | ||
| 650 | 0 | _aরাজনীতি | |
| 650 | 0 | _aPolitics | |
| 942 |
_2ddc _cBK |
||
| 999 |
_c99502 _d99502 |
||